LIBRARY & INFORMATION CENTRE, KCAET, TAVANUR

ONLINE PUBLIC ACCESS CATALOGUE (OPAC)

Computer architecture and organization / (Record no. 13813)

MARC details
000 -LEADER
fixed length control field 00395nam a22001577a 4500
003 - CONTROL NUMBER IDENTIFIER
control field OSt
008 - FIXED-LENGTH DATA ELEMENTS--GENERAL INFORMATION
fixed length control field 250108b |||||||| |||| 00| 0 eng d
020 ## - INTERNATIONAL STANDARD BOOK NUMBER
ISBN 9781259028564
082 ## - DEWEY DECIMAL CLASSIFICATION NUMBER
Classification number 621.392
Item number HAY/CO
100 ## - MAIN ENTRY--AUTHOR NAME
Personal name John P Hayes
245 ## - TITLE STATEMENT
Title Computer architecture and organization /
250 ## - EDITION STATEMENT
Edition statement 3rd ed.
260 ## - PUBLICATION, DISTRIBUTION, ETC. (IMPRINT)
Place of publication New Delhi :
Name of publisher Tata McGraw Hill,
Year of publication 2012
300 ## - PHYSICAL DESCRIPTION
Number of Pages 604
942 ## - ADDED ENTRY ELEMENTS (KOHA)
Koha item type Books
Holdings
Withdrawn status Lost status Damaged status Collection code Home library Current library Shelving location Date acquired Source of acquisition Cost, normal purchase price Full call number Accession Number Koha item type
      Non-fiction KAUAET KAUAET General Stacks 26/11/2012 CosmoBooks, Calicut 595.00 621.392 HAY/CO 23630 Books
      Non-fiction KAUAET KAUAET General Stacks 26/11/2012 CosmoBooks, Calicut 595.00 621.392 HAY/CO 23631 Books
free website counter